Clifford goes to Washington / (Record no. 2295)

MARC details
000 -LEADER
fixed length control field 00892cam a22002657a 4500
005 - DATE AND TIME OF LATEST TRANSACTION
control field 20231115114427.0
020 ## - INTERNATIONAL STANDARD BOOK NUMBER
International Standard Book Number 0439696569
020 ## - INTERNATIONAL STANDARD BOOK NUMBER
International Standard Book Number 9780439696562
040 ## - CATALOGING SOURCE
Original cataloging agency OCO
Transcribing agency OCO
Modifying agency OCLCQ
-- OCL
-- BAKER
-- DLC
Language of cataloging eng
050 00 - LIBRARY OF CONGRESS CALL NUMBER
Classification number PZ7 .B7633
Item number Cjiw 2005
082 ## - DEWEY DECIMAL CLASSIFICATION NUMBER
Classification number 975.3
100 1# - MAIN ENTRY--PERSONAL NAME
Personal name Bridwell, Norman
245 10 - TITLE STATEMENT
Title Clifford goes to Washington /
Statement of responsibility, etc. Norman Bridwell.
250 ## - EDITION STATEMENT
Edition statement First printing, January 2005
260 ## - PUBLICATION, DISTRIBUTION, ETC.
Place of publication, distribution, etc. New York :
Name of publisher, distributor, etc. Scholastic,
Date of publication, distribution, etc. 2005
300 ## - PHYSICAL DESCRIPTION
Extent 30 unnumbered pages :
Other physical details illustrations
Dimensions 20x20 cm
505 ## - FORMATTED CONTENTS NOTE
Formatted contents note H
520 ## - SUMMARY, ETC.
Summary, etc. When Clifford's pal, Riley, gets invited to Washington, D.C., Clifford goes along and visits famous statues, national monuments, and even the First Lady.
521 ## - TARGET AUDIENCE NOTE
Target audience note 490
Source Lexile
521 ## - TARGET AUDIENCE NOTE
Target audience note H
Source Raz-Plus
650 #0 - SUBJECT ADDED ENTRY--TOPICAL TERM
Topical term or geographic name entry element Dogs
Form subdivision Juvenile fiction.
906 ## - LOCAL DATA ELEMENT F, LDF (RLIN)
a 7
b cbc
c copycat
d 2
e ncip
f 20
g y-gencatlg
942 ## - ADDED ENTRY ELEMENTS (KOHA)
Source of classification or shelving scheme Dewey Decimal Classification
Koha item type Books
Suppress in OPAC No
999 ## -
-- 2295
-- 2295
Holdings
Withdrawn status Lost status Source of classification or shelving scheme Damaged status Not for loan Collection Home library Current library Shelving location Date acquired Total Checkouts Full call number Barcode Date last seen Date last checked out Copy number Price effective from Koha item type
    Dewey Decimal Classification     Juvenile Fiction Footprints International School Library Network Toul Kork Campus Footprints International School Library Network Toul Kork Campus TK Primary Library Room(4th Floor), Bookcase 1&2, Shelves 1-16, Dark Blue Books 11/15/2023 4 BRI 975.3 PZ7 .B7633 FISBK05239 03/26/2026 03/19/2026 1 11/15/2023 Books
    Dewey Decimal Classification     Juvenile Fiction Footprints International School Library Network Toul Kork Campus Footprints International School Library Network Toul Kork Campus   11/15/2023   BRI 975.3 PZ7 .B7633 FISTK03852 02/29/2024   2 11/15/2023 Books